[Event "Moscow ch-T 2018"]
[Site "Moscow"]
[Date "2018.09.22"]
[Round "2"]
[White "Kukhmazov, Arsen"]
[Black "Drozdova, Dina"]
[Result "0-1"]
[WhiteElo "2395"]
[BlackElo "2183"]
[Annotator "TA"]
[PlyCount "31"]
[EventDate "2018.09.20"]
[EventType "team-tourn"]
[EventCountry "RUS"]
[SourceTitle "playchess.com"]
[Source "ChessBase"]
[SourceQuality "1"]

{[%evp 1,1,16]} 1. e4 {Predecessor:} e5 $146 2. Nf3 Nf6 3. Nxe5 d6 4. Nf3 Nxe4 5. Nc3 Nxc3 6. dxc3 Be7 7. Be3 Nc6 8. Bc4 O-O 9. Qd2 Bf5 10. O-O-O Qd7 11. Kb1 Rfe8 12. h4 Bf8 13. h5 h6 14. Be2 Bg4 15. Nh2 Bxe2 16. Qxe2 {½-½ (41) Carlsen,M (2842)-Caruana,F (2822) Saint Louis 2018} 0-1

[Event "Moscow ch-T 2018"]
[Site "Moscow"]
[Date "2018.09.22"]
[Round "2"]
[White "Pogosyan, Stefan"]
[Black "Tsvetkov, Andrey"]
[Result "1/2-1/2"]
[WhiteElo "2373"]
[BlackElo "2264"]
[Annotator "ChessBase"]
[PlyCount "69"]
[EventDate "2018.09.20"]
[EventType "team-tourn"]
[EventCountry "RUS"]
[SourceTitle "playchess.com"]
[Source "ChessBase"]
[SourceQuality "1"]
[TimeControl "5400+30"]

1. d4 {[%emt 0:00:00]} d5 {[%emt 0:00:22]} 2. c4 {[%emt 0:00:16]} e6 {[%emt 0:00:01]} 3. Nc3 {[%emt 0:00:07]} c6 {[%emt 0:00:04]} 4. Nf3 {[%emt 0:00:29]} Nf6 {[%emt 0:00:06]} 5. Qb3 {[%emt 0:00:03]} dxc4 {[%emt 0:02:41]} 6. Qxc4 {[%emt 0:00:10]} b5 {[%emt 0:00:18]} 7. Qb3 {[%emt 0:04:16]} a6 {[%emt 0:02:00]} 8. Bg5 {[%emt 0:01:32]} c5 {[%emt 0:03:34]} 9. dxc5 Bxc5 {[%emt 0:00:23]} 10. a4 {[%emt 0:13:15]} Qa5 {[%emt 0:11:53]} 11. Bxf6 {[%emt 0:05:29]} gxf6 {[%emt 0:00:43]} 12. Rc1 {[%emt 0:00:33]} bxa4 {[%emt 0:01:17]} 13. Qxa4+ {[%emt 0:00:57]} Qxa4 {[%emt 0:00:04]} 14. Nxa4 {[%emt 0:00:12]} Bb4+ {[%emt 0:00:01]} 15. Nd2 {[%emt 0:03:18]} Nd7 {[%emt 0:05:30]} 16. e3 {[%emt 0:09:23]} Ke7 {[%emt 0:04:07]} 17. Be2 {[%emt 0:04:16]} Bb7 {[%emt 0:08:11]} 18. Bf3 {[%emt 0:06:05]} Bxf3 {[%emt 0:15:52]} 19. gxf3 {[%emt 0:00:54]} Rab8 {[%emt 0:07:45]} 20. Ke2 {[%emt 0:04:18]} Bxd2 {[%emt 0:01:52]} 21. Kxd2 {[%emt 0:00:06]} Rb4 {[%emt 0:00:04]} 22. Ra1 {[%emt 0:00:17]} Ne5 {[%emt 0:00:34]} 23. f4 {[%emt 0:01:14]} Rd8+ {[%emt 0:02:56]} 24. Ke2 {[%emt 0:00:44]} Nc4 {[%emt 0:00:51]} 25. Rhc1 {[%emt 0:00:59]} Nxb2 {[%emt 0:09:53]} 26. Nc5 {[%emt 0:00:36]} Nc4 {[%emt 0:01:51]} 27. Nd3 {[%emt 0:13:35]} Rb3 {[%emt 0:00:04]} 28. Rxc4 {[%emt 0:00:14]} Rbxd3 {[%emt 0:00:05]} 29. Rxa6 {[%emt 0:00:10]} f5 {[%emt 0:00:35]} 30. Kf3 {[%emt 0:01:12]} Rd2 {[%emt 0:02:06]} 31. h4 {[%emt 0:01:16]} Kf6 32. Ra7 R8d7 {[%emt 0:02:10]} 33. Rxd7 {[%emt 0:01:24]} Rxd7 {[%emt 0:00:02]} 34. Rc8 {[%emt 0:00:10]} Rd1 35. Kg2 {Ke5} 1/2-1/2

[Event "Moscow ch-T 2018"]
[Site "Moscow"]
[Date "2018.09.22"]
[Round "2"]
[White "Obolentseva, Alexandra"]
[Black "Demidov, Mikhail"]
[Result "1/2-1/2"]
[WhiteElo "2298"]
[BlackElo "2514"]
[Annotator "TA"]
[PlyCount "103"]
[EventDate "2018.09.20"]
[EventType "team-tourn"]
[EventCountry "RUS"]
[SourceTitle "playchess.com"]
[Source "ChessBase"]
[SourceQuality "1"]

{[%evp 17,103,34,44,-11,8,-23,0,0,0,-5,-3,-20,0,0,37,35,36,36,36,41,17,21,22,20,13,12,15,8,12,12,12,10,11,10,10,10,15,2,14,7,20,20,26,11,9,0,0,0,16,14,14,13,29,12,28,0,0,0,0,0,0,0,0,0,4,0,0,-7,39,0,0,0,8,8,8,8,26,0,12,14,20,8,10,8,10,10,11,11]} 1. d4 e6 2. c4 Bb4+ 3. Bd2 a5 4. g3 Nf6 5. Bg2 O-O 6. Nf3 b6 7. Ne5 Ra7 {E15: Queen's Indian: 4 g3 sidelines, 4 g3 Ba6 and 4 g3 Bb7 early deviations} 8. O-O Bb7 9. Bxb7 Rxb7 {LiveBook: 4 Games. White is slightly better.} 10. Qb3 $146 ({White should try} 10. Bg5 $14) ({Predecessor:} 10. Bf4 Be7 11. Nc3 d6 12. Nf3 d5 13. Qb3 c6 14. Rac1 Nbd7 15. cxd5 exd5 {1-0 (77) Khenkin,I (2629)-Bocharov,D (2614) Sochi 2007}) 10... d6 11. Qf3 Ra7 (11... dxe5 {with more complications.} 12. Qxb7 Qxd4 13. Bc3 Qxc4 14. Nd2 Qxe2 15. Rfe1 Qd3) 12. Nd3 Bxd2 $1 13. Nxd2 c5 14. dxc5 dxc5 15. Nb1 {[%cal Bd2b1,Bb1c3,Bc3b5][%mdl 32]} Rd7 16. Nc3 Qc7 17. Nb5 Qc6 18. Qf4 {aiming for Ne5.} Qe4 19. Qxe4 Nxe4 20. Rfd1 Rfd8 21. f3 Nf6 22. Nf2 Nc6 23. Rxd7 Rxd7 24. Rd1 Kf8 25. Rxd7 Nxd7 $11 {[%mdl 4096] Endgame KNN-KNN} 26. Ne4 Ke7 27. Kf2 f6 28. Nec3 Nce5 29. b3 f5 30. Na4 g5 31. Nc7 Kd6 32. Ne8+ Kc6 33. Nc3 Nf8 34. Nf6 Nf7 35. e4 f4 36. Ne2 fxg3+ 37. hxg3 b5 38. cxb5+ Kxb5 39. Ke3 c4 40. Nd4+ Kc5 41. bxc4 Kxc4 42. f4 a4 43. e5 gxf4+ 44. gxf4 Kc3 45. Ne4+ Kb2 46. Nc5 h5 47. Ndxe6 Ng6 {The position is equal.} 48. Nxa4+ Kxa2 49. Nc3+ Kb3 50. Ne2 Ngxe5 51. fxe5 Nxe5 52. Kd4 {Precision: White = 54%, Black = 45%.} 1/2-1/2

[Event "Moscow ch-T 2018"]
[Site "Moscow"]
[Date "2018.09.22"]
[Round "2"]
[White "Kulagin, Maxim"]
[Black "Perov, German"]
[Result "1-0"]
[WhiteElo "2274"]
[BlackElo "2196"]
[Annotator "TA"]
[PlyCount "135"]
[EventDate "2018.09.20"]
[EventType "team-tourn"]
[EventCountry "RUS"]
[SourceTitle "playchess.com"]
[Source "ChessBase"]
[SourceQuality "1"]

{[%evp 21,135,7,39,17,15,1,0,0,0,0,0,0,0,0,0,0,0,0,0,0,0,0,-1,-2,2,-47,-29,-25,-29,-53,-53,-56,-56,-47,-49,-97,-106,-75,-114,-136,-124,-141,-138,-130,-3,-64,-25,-37,-22,-19,-15,-18,-17,-37,-33,-44,-11,-12,-8,-11,829,794,787,280,358,357,401,335,356,345,448,417,414,393,449,444,438,442,439,420,445,404,444,445,437,426,437,440,548,540,639,551,548,0,600,0,532,520,537,539,708,702,971,930,893,843,784,775,775,769,758,751,740,707,4627,4618]} 1. e4 e6 2. d4 d5 3. Nc3 dxe4 4. Nxe4 Nd7 5. Nf3 Ngf6 6. Bd3 Nxe4 7. Bxe4 Nf6 8. Bd3 c5 9. dxc5 Bxc5 10. O-O O-O 11. Bg5 Be7 {LiveBook: 14 Games} 12. Re1 {C10: French with 3 Nc3: Unusual Black 3rd moves and 3...dxe4} (12. Qe2 Qc7 13. Rad1 Rd8 14. Ne5 Bd7 15. Bxh7+ Kxh7 16. Bxf6 Be8 17. Bxe7 Qxe7 18. Rd3 Rxd3 19. Qxd3+ Kg8 20. Rd1 Rc8 21. c3 Qc5 22. Qe4 {½-½ (45) Ahlander,B (2435)-Molchanov,A (2350) Bremen 2018}) 12... b6 13. Ne5 $146 {Black should prevent Nc6.} ({Predecessor:} 13. Qe2 Bb7 14. Rad1 Qc7 15. Ne5 Rad8 16. Qe3 Nd5 17. Qh3 f5 18. Nf3 Bc8 19. Bxe7 Qxe7 20. Bxf5 exf5 21. Rxe7 Nxe7 {1-0 (30) Plat,V (2216)-Lapidus,M (1842) Herceg Novi 2006}) 13... Bb7 14. Re3 {The position is equal.} Qd5 {[%csl Gb7][%cal Rd5g2]} 15. Qf1 h6 16. Bxh6 gxh6 17. Rg3+ Kh8 18. Qc1 Ng8 19. Qf4 {White wants to mate with Qxf7!} f5 20. Bc4 $1 Qe4 $1 21. Ng6+ Kh7 22. Qxe4 Bxe4 23. Nxf8+ Rxf8 24. Bxe6 Nf6 25. Rc3 Bc5 $1 {[%mdl 1024] Black has compensation.} 26. Kf1 Re8 $36 {[%mdl 2048] Black fights for an advantage.} 27. Bb3 $1 Rd8 28. f3 Bb7 $1 29. Re1 {Hoping for Rxc5!} Kg6 $1 30. a3 Rd4 {And now ...Ba6+ would win.} 31. Re6 {[#]} Bc8 $1 {[%cal Rc8e6]} 32. Rc6 Bd7 (32... Ba6+ $17 33. Ke1 Bd6 34. Rxd6 Rxd6) 33. Rc7 ({White should try} 33. R6xc5 $11 bxc5 34. Rxc5) 33... Rd1+ 34. Ke2 Rg1 {aiming for ...Bb5+.} 35. R3xc5 bxc5 36. Kf2 Rd1 37. Ke2 Rh1 38. h3 Bb5+ 39. Kf2 Rf1+ 40. Kg3 Rb1 $2 {[%mdl 8192]} (40... Nh5+ $11 41. Kh4 {[#]} c4 $1 {[%mdl 512]} 42. Bxc4 Bxc4 43. Rxc4 Nf6) 41. Bf7+ $18 Kg7 42. Be8+ $2 (42. Ba2+ Kf8 43. Bxb1) 42... Kf8 43. Bxb5 Rxb2 {[%mdl 4096] Endgame Threatens to win with ...f4+. KRB-KRN} 44. Bd3 f4+ 45. Kh4 Rb1 46. Rxc5 Rg1 47. Rf5 Kg7 48. Rxf4 Rxg2 49. Ra4 Nd5 50. Rxa7+ Kf6 51. Ra6+ Ke5 52. Rxh6 Nf4 53. Ra6 Rg8 54. Ra5+ Kd4 55. Rg5 Ng2+ 56. Kg4 Ne3+ 57. Kh4 Ng2+ $1 58. Kg4 Ne3+ 59. Kh5 {White is clearly winning.} Rh8+ 60. Kg6 Rxh3 61. f4 {[%cal Bf3f4,Bf4f5][%mdl 32]} Rf3 62. f5 Nd5 63. Kg7 Nc7 64. Rg4+ Ke5 65. Re4+ Kd6 66. Re1 Kd7 67. Kf7 Nd5 68. Be4 {Precision: White = 62%, Black = 49%.} 1-0

[Event "Moscow ch-T 2018"]
[Site "Moscow"]
[Date "2018.09.22"]
[Round "2"]
[White "Navrodskiy, Boris"]
[Black "Krylov, Mikhail"]
[Result "0-1"]
[WhiteElo "2265"]
[BlackElo "2476"]
[Annotator "TA"]
[PlyCount "204"]
[EventDate "2018.09.20"]
[EventType "team-tourn"]
[EventCountry "RUS"]
[SourceTitle "playchess.com"]
[Source "ChessBase"]
[SourceQuality "1"]

{[%evp 15,204,38,43,47,44,-10,-10,-16,-10,-10,-10,-22,-17,-6,-9,-9,-20,-18,-18,-9,-13,-21,-22,-22,-13,-24,0,-23,-14,-21,-18,-20,-4,-31,0,0,0,0,0,0,7,0,17,3,52,22,166,-12,-12,-18,-13,-22,-12,-33,-4,-11,0,-71,-71,-71,-71,-71,-71,-86,-86,-86,-86,-86,-58,-71,-60,-76,-71,-71,-71,-71,-71,-71,-71,-71,-71,-71,-71,-71,-64,-69,-64,-69,-55,-54,-16,-68,-55,-81,-81,-83,-28,-28,-28,-28,-28,-67,-10,-37,-10,-18,-10,-25,0,-18,0,-41,-8,-8,-8,-8,-8,-12,-8,-18,-8,-8,-8,-41,-18,-18,-10,-18,-11,-11,-13,-16,-16,-18,-18,-16,-8,-8,-8,-14,-8,-41,-41,-67,-25,-67,-18,-41,-25,-41,-13,-41,-41,-41,-41,-41,-41,-41,0,-41,-41,-41,-41,-45,-41,-41,-25,-46,-25,-38,-25,-25,-25,-41,-26,-194,-188,-820,-708,-4133,-4125,-29984,-29984,-29989,-29990,-29990,-29988,-29988,-29989,-29991,-29990]} 1. d4 Nf6 2. c4 g6 3. Nc3 Bg7 4. e4 d6 5. Nf3 O-O 6. Be2 e5 7. O-O Nh5 8. Re1 Nf4 {LiveBook: 30 Partien. E94: Königsindisch (Klassisches System)} 9. Bxf4 exf4 10. e5 $146 (10. Qd2 $14) ({Vorgänger:} 10. Qd2 g5 11. h3 Nc6 12. Rad1 h5 13. d5 Ne5 14. Nxe5 Bxe5 15. Bxh5 Kg7 16. Nb5 {1-0 (36) Volkov,S (2624)-Seeman,T (2446) Dos Hermanas 2003}) 10... dxe5 $11 {Die Stellung ist ausgeglichen.} 11. dxe5 Nc6 12. Qxd8 Rxd8 13. Nd5 Bg4 14. Nxc7 Rab8 15. Nd5 Bxf3 16. Bxf3 Nxe5 17. Be2 b5 18. b3 bxc4 19. bxc4 Rb2 20. a4 g5 21. Rad1 Kf8 22. Kf1 Rc8 23. Rc1 Rc5 24. Red1 f5 25. h3 Kf7 26. Bh5+ Ke6 27. Re1 Rb8 28. Rc2 Bh8 29. Be2 Ra5 30. Ra2 Rc8 {[#]} (30... Bg7 $11 {und Schwarz steht sicher.}) 31. Nb4 $2 (31. Rb2 $1 $18) 31... Kf7 32. Rc1 Kf8 33. Ke1 Nd7 34. Bf3 Rac5 35. Rac2 Nb6 {[%cal Rc5c4]} 36. Nd3 (36. a5 $11 Nd7 37. Bb7) 36... Rxc4 $17 37. Rxc4 Rxc4 38. Rxc4 Nxc4 {[%mdl 4096] Endspiel KLS-KLS} 39. Bd5 Nb6 40. Bb3 Ke7 41. Ke2 a5 42. Kf3 Kd6 43. Ke2 Bd4 44. h4 h6 45. hxg5 hxg5 46. Kf3 Nd5 47. Ke2 Nc3+ 48. Ke1 Ne4 49. Ke2 g4 50. Ke1 Be5 51. Ke2 Ng5 52. f3 Nh7 53. Bf7 (53. Bc2 $11) 53... Nf6 $15 54. Bg6 Nd5 55. Bxf5 Nc3+ (55... g3 $17 56. Nc1 Nc3+ 57. Kd3 Nxa4) 56. Kd2 $11 gxf3 57. gxf3 Nxa4 58. Be4 Nb6 ({Besser ist} 58... Nc5 $15 59. Nxc5 Kxc5) 59. Kc2 a4 60. Bb7 Nc4 61. Ba8 Nb6 62. Bb7 Nc4 63. Ba8 Ne3+ 64. Kb1 Nd5 65. Kc2 Nc7 66. Bb7 Nb5 67. Ba8 Nd4+ 68. Kb1 Ne2 69. Kc2 Bd4 70. Bb7 Be3 71. Ba8 Nd4+ 72. Kb2 Nb5 73. Bb7 Kc7 74. Ba8 Kb6 75. Bd5 Nc7 76. Bc4 Ka5 77. Ka2 Nb5 78. Bf7 (78. Bxb5 $5 Kxb5 79. Kb2 $11) 78... Nd4 79. Bd5 Kb5 80. Ka3 Bd2 81. Kb2 Ne2 82. Kc2 Bb4 (82... Be3 {is more complex.} 83. Kb2 Bb6 84. Bf7 Bc7 85. Bd5 Bd6) 83. Kb2 Bd6 84. Kc2 Ka5 85. Kb2 Bb4 86. Kc2 Kb5 87. Kb2 Ba5 88. Bf7 Bd8 89. Bg8 Bg5 90. Bf7 Be7 91. Bg8 Kc6 92. Bf7 a3+ 93. Kb1 Bd6 94. Nc1 Ng1 95. Bg6 $2 (95. Ka2 $11) 95... Kd5 {Droht stark ...Kd4.} 96. Be4+ $2 (96. Bh5) 96... Kd4 $19 97. Nd3 {[#]} Nxf3 $1 {[%mdl 512]} 98. Nxf4 (98. Bxf3 Kxd3) 98... Kxe4 {Schwarz setzt Matt.} 99. Ne2 Kd3 100. Nc1+ Kc4 101. Kc2 Nd4+ 102. Kb1 Bf4 {Precision: Weiß = 36%, Schwarz = 40%.} 0-1

[Event "Moscow ch-T 2018"]
[Site "Moscow"]
[Date "2018.09.22"]
[Round "2"]
[White "Maltsevskaya, Aleksandra"]
[Black "Gorbatov, Alexej"]
[Result "1/2-1/2"]
[WhiteElo "2234"]
[BlackElo "2389"]
[Annotator "ChessBase"]
[PlyCount "70"]
[EventDate "2018.09.20"]
[EventType "team-tourn"]
[EventCountry "RUS"]
[SourceTitle "playchess.com"]
[Source "ChessBase"]
[SourceQuality "1"]
[TimeControl "5400+30"]

1. e4 e5 2. Nf3 {[%emt 0:02:57]} Nf6 {[%emt 0:00:55]} 3. Nxe5 {[%emt 0:01:13]} d6 {[%emt 0:00:28]} 4. Nf3 {[%emt 0:00:08]} Nxe4 {[%emt 0:00:05]} 5. Nc3 {[%emt 0:00:07]} Nf6 {[%emt 0:00:04]} 6. d4 {[%emt 0:03:00]} Be7 {[%emt 0:00:55]} 7. h3 O-O 8. Bd3 c5 9. O-O Nc6 10. Re1 {[%emt 0:12:18]} h6 {[%emt 0:11:04]} 11. d5 {[%emt 0:05:51]} Nb4 {[%emt 0:04:07]} 12. Bc4 {[%emt 0:02:41]} Bf5 {[%emt 0:14:10]} 13. Bb3 {[%emt 0:03:14]} Re8 {[%emt 0:08:42]} 14. Nd2 {[%emt 0:09:57]} Rb8 {[%emt 0:08:34]} 15. a3 {[%emt 0:05:32]} Na6 {[%emt 0:00:11]} 16. a4 {[%emt 0:01:40]} Nb4 {[%emt 0:07:18]} 17. Nc4 {[%emt 0:01:33]} Bf8 {[%emt 0:08:35]} 18. Rxe8 {[%emt 0:04:53]} Nxe8 {[%emt 0:00:05]} 19. Ne2 {[%emt 0:06:14]} Nf6 {[%emt 0:01:25]} 20. Ng3 {[%emt 0:00:59]} Bg6 {[%emt 0:01:55]} 21. Ne3 {[%emt 0:00:23]} Qd7 {[%emt 0:04:43]} 22. Bd2 {[%emt 0:03:44]} Na6 {[%emt 0:03:45]} 23. Qf3 {[%emt 0:03:57]} Re8 {[%emt 0:00:32]} 24. a5 {[%emt 0:02:11]} Qc8 {[%emt 0:05:36]} 25. Bc3 {[%emt 0:02:51]} Ne4 {[%emt 0:01:23]} 26. Nxe4 {[%emt 0:00:32]} Rxe4 {[%emt 0:01:01]} 27. Bc4 {[%emt 0:09:21]} Re8 {[%emt 0:03:45]} 28. Bb5 {[%emt 0:05:19]} Rd8 {[%emt 0:01:49]} 29. Ng4 {[%emt 0:00:29]} Qf5 {[%emt 0:00:48]} 30. Qg3 {[%emt 0:02:22]} Nb4 {[%emt 0:02:49]} 31. Ne3 {[%emt 0:05:20]} Qc8 {[%emt 0:00:08]} 32. h4 {[%emt 0:02:17]} h5 {[%emt 0:06:22]} 33. Qf3 {[%emt 0:02:42]} Nxc2 {[%emt 0:00:14]} 34. Nxc2 {[%emt 0:00:04]} Bxc2 {[%emt 0:00:03]} 35. Qxh5 {[%emt 0:00:30]} Qf5 {[%emt 0:00:20]} 1/2-1/2

[Event "Moscow ch-T 2018"]
[Site "Moscow"]
[Date "2018.09.22"]
[Round "2"]
[White "Smirnova, Ekaterina"]
[Black "Krylov, Ivan"]
[Result "0-1"]
[WhiteElo "2202"]
[BlackElo "2411"]
[Annotator "TA"]
[PlyCount "86"]
[EventDate "2018.09.20"]
[EventType "team-tourn"]
[EventCountry "RUS"]
[SourceTitle "playchess.com"]
[Source "ChessBase"]
[SourceQuality "1"]

{[%evp 13,86,38,48,30,24,10,43,43,52,62,60,0,0,0,0,-54,0,-96,-90,-69,-83,-68,-82,-100,-92,-93,-87,-185,-153,-168,-150,-268,-235,-277,-259,-276,-283,-246,-252,-303,-290,-337,-344,-344,-246,-343,-337,-344,-340,-350,-340,-370,-334,-364,-368,-368,-360,-360,-356,-345,-333,-429,-387,-409,-399,-651,-654,-774,-762,-2405,-2371,-29981,-29982,-29990,-29991]} 1. d4 Nf6 2. c4 g6 3. Nc3 Bg7 4. e4 d6 5. Be2 O-O 6. Bg5 h6 7. Be3 Nbd7 8. h4 {E73: King's Indian: Averbakh Variation without 6...c5} (8. Qd2 Kh7 9. f3 c5 10. Nh3 cxd4 11. Bxd4 Ne5 12. Nf2 Qa5 13. Rc1 Nc6 14. Be3 Nd7 15. O-O Nc5 16. f4 Ne6 17. Bd3 {1-0 (53) Smirin,I (2669)-Shabalov,A (2563) London 2016}) 8... c5 9. d5 b5 10. cxb5 {White is slightly better.} a6 11. a4 $146 ({Predecessor:} 11. h5 g5 12. Qd2 Ne5 13. f4 gxf4 14. Bxf4 Nfg4 15. Nf3 {½-½ (15) Tjiam,D (2351)-Hausrath,D (2441) Belgium 2001}) 11... Qa5 {[#] White must now prevent ...Nxe4.} 12. Qd2 (12. Bd2 $1 $14) 12... axb5 13. Bxb5 Ba6 $36 {[%mdl 2048] ...Nxe4! is the strong threat. Black has good play.} 14. Bxa6 (14. Bxd7 $11 Nxd7 15. Bxh6) 14... Rxa6 ({Black should try} 14... Qxa6 $15 15. Nge2 Rfb8) 15. Bxh6 (15. Nge2 $11 {keeps the balance.}) 15... Nxe4 $1 $17 16. Nxe4 {[#] Hoping for Bxg7.} Bxh6 17. Qxa5 Rxa5 18. h5 Bg7 19. hxg6 fxg6 20. Nf3 (20. Ne2 $17) 20... Bxb2 21. Ra2 Rb8 22. Neg5 (22. Ke2 $17) 22... c4 23. Kd1 Bf6 {Strongly threatening ...Rb1+.} 24. Kc2 Rxd5 25. Ne4 Bg7 26. a5 Rdb5 27. Rc1 Rb2+ 28. Rxb2 Rxb2+ 29. Kd1 d5 30. Nc3 e6 ({And not} 30... Rxf2 31. Nxd5 Ra2 32. Rxc4 $11) 31. Rc2 Rb3 32. Ne2 Ra3 33. Nf4 Nc5 ({But not} 33... Rxa5 34. Nxe6 Bf6 35. Nfg5 $19) 34. Ng5 Rxa5 35. Ngxe6 Nxe6 36. Nxe6 $19 {[%mdl 4096] Endgame KRB-KRN} Kf7 37. Nf4 Be5 38. Nh3 Ra4 39. Ng5+ $2 (39. Re2 Kf6 40. f4 Ra1+ 41. Kc2) 39... Kf6 40. Nf3 d4 {[%cal Bd5d4,Bd4d3][%mdl 32]} 41. Nxe5 Kxe5 42. Kd2 d3 43. Rb2 Kd4 {Precision: White = 18%, Black = 88%.} 0-1

[Event "Moscow ch-T 2018"]
[Site "Moscow"]
[Date "2018.09.22"]
[Round "2"]
[White "Drozdova,, Dina"]
[Black "Kukhmazov, Arsen"]
[Result "0-1"]
[WhiteElo "2183"]
[BlackElo "2395"]
[Annotator "ChessBase"]
[PlyCount "100"]
[EventDate "2018.09.20"]
[EventType "team-tourn"]
[EventCountry "RUS"]
[SourceTitle "playchess.com"]
[Source "ChessBase"]
[SourceQuality "1"]
[TimeControl "5400+30"]

1. d4 Nf6 2. c4 e6 3. Nf3 b6 4. g3 {[%emt 0:17:12]} Bb7 {[%emt 0:01:04]} 5. Bg2 {[%emt 0:00:05]} Be7 {[%emt 0:00:03]} 6. O-O {[%emt 0:00:09]} O-O {[%emt 0:00:02]} 7. Nc3 {[%emt 0:00:52]} Ne4 {[%emt 0:00:08]} 8. Nxe4 Bxe4 {[%emt 0:00:06]} 9. b3 {[%emt 0:06:45]} d5 {[%emt 0:04:18]} 10. Bb2 {[%emt 0:04:03]} Nd7 {[%emt 0:01:49]} 11. Rc1 {[%emt 0:00:52]} a5 {[%emt 0:07:04]} 12. cxd5 {[%emt 0:10:59]} exd5 {[%emt 0:00:54]} 13. Ne5 {[%emt 0:00:28]} Nxe5 {[%emt 0:05:59]} 14. Bxe4 dxe4 {[%emt 0:00:16]} 15. dxe5 {[%emt 0:01:01]} e3 {[%emt 0:10:52]} 16. f4 {[%emt 0:31:23]} Bc5 {[%emt 0:00:12]} 17. Qc2 {[%emt 0:02:35]} Qd2 {[%emt 0:28:54]} 18. Bc3 {[%emt 0:02:04]} Qxc2 {[%emt 0:00:33]} 19. Rxc2 {[%emt 0:00:08]} Rfd8 {[%emt 0:00:01]} 20. Kg2 {[%emt 0:00:14]} Rd5 {[%emt 0:00:13]} 21. Kf3 {[%emt 0:00:30]} Rad8 {[%emt 0:00:50]} 22. g4 {[%emt 0:04:23]} Kf8 {[%emt 0:00:29]} 23. h4 {[%emt 0:00:30]} g6 {[%emt 0:04:59]} 24. Rh1 {[%emt 0:02:00]} Ke7 {[%emt 0:13:34]} 25. h5 {[%emt 0:03:28]} gxh5 {[%emt 0:10:26]} 26. gxh5 {[%emt 0:00:48]} Rg8 {[%emt 0:00:23]} 27. Rcc1 {[%emt 0:02:52]} h6 {[%emt 0:06:58]} 28. Rhg1 {[%emt 0:03:57]} Rgd8 {[%emt 0:00:18]} 29. Rc2 {[%emt 0:04:32]} Kf8 {[%emt 0:01:17]} 30. Ke4 {[%emt 0:00:55]} R8d7 {[%emt 0:01:15]} 31. Kf3 {[%emt 0:00:49]} Be7 32. Re1 {[%emt 0:00:30]} Bc5 33. Rg1 {[%emt 0:00:30]} Ba3 34. Rf1 {[%emt 0:00:30]} Rc5 35. Kxe3 {[%emt 0:00:30]} b5 36. e6 {[%emt 0:00:30]} fxe6 37. Rg1 {[%emt 0:00:30]} b4 38. Bg7+ {[%emt 0:00:30]} Rxg7 39. Rxg7 {[%emt 0:00:30]} Rxc2 40. Rh7 {[%emt 0:00:30]} Bc1+ 41. Kf3 {[%emt 0:00:30]} Rxa2 42. Rxc7 {[%emt 0:00:30]} Bb2 43. Rc2 {[%emt 0:00:30]} a4 44. bxa4 {[%emt 0:00:30]} Ra3+ 45. Kg4 {[%emt 0:00:30]} Bc3 46. e4 {[%emt 0:00:30]} Rxa4 47. f5 {[%emt 0:00:30]} exf5+ 48. Kxf5 {[%emt 0:00:30]} Ra5+ 49. Kg6 {[%emt 0:00:30]} Rb5 50. Rf2+ {[%emt 0:00:30]} Ke7 0-1